Score 0/18 Timer 10:00
13 Plays Today
% Correct
Also he's divorced so he's really not a part of his family.
91.7%
Well sometimes my stomach hurts when you come into my office, so it's probably psychological.
90.5%
Frame him for using drugs.
90.2%
Yes, we should stab Toby through the heart with an icicle.
90.1%
Yes, the case of the horrible red-headed sad sack. And the verdict, it was Toby. And the sentence, death. Death to Toby!
86.8%
Well, you don’t even have anyone to go home to, Toby.
84%
I bet you would love all the details, wouldn't you, you skeevy little perv?
82.9%
I have cause! It is because I hate him!
81.7%
You did.
79.5%
% Correct
You were being really funny, and then you went too far.
75.7%
I hate so much about the things that you choose to be.
73.4%
I work here.
69.3%
Yeah I know what you mean. I nearly fell asleep when he gave me a tour of the files
68.3%
You have to ask me that because you work for Human Resources.
68.2%
Oh, you know what? Uh, you’re not going.
67.2%
Not now, not ever.
64.4%
Get out.
47.5%
I’ve got an idea: why don’t you leave right now. Why don’t you walk away from the room, ‘kay?
41.6%
Remove Ads.
Support Sporcle.
Get the best of Sporcle when you Go Orange. This ad-free experience offers more features, more stats, and more fun while also helping to support Sporcle. Thank you for becoming a member.

You're not logged in!

Compare scores with friends on all Sporcle quizzes.
OR
Log In

Show Comments

Extras

Top Quizzes Today


Score Distribution

Your Account Isn't Verified!

In order to create a playlist on Sporcle, you need to verify the email address you used during registration. Go to your Sporcle Settings to finish the process.

Report this User

Report this user for behavior that violates our Community Guidelines.

Details: